COPA SUDAMERICANA WINNERS - Statistics

General Stats
  • This quiz has been taken 224 times
  • The average score is 15 of 21
Answer Stats
Year Team % Correct
2004 Boca Juniors
93%
2005 Boca Juniors
93%
2014 River Plate
93%
2010 Independiente
91%
2017 Independiente
91%
2019 Independiente del Valle
78%
2022 Independiente del Valle
78%
2012 São Paulo
76%
2002 San Lorenzo
75%
2013 Lanús
72%
2016 Chapecoense
71%
2020 Defensa y Justicia
67%
2008 Internacional
67%
2011 Universidad de Chile
62%
2007 Arsenal
56%
2018 Atlético Paranaense
56%
2003 Cienciano
56%
2006 Pachuca
53%
2015 Santa Fe
50%
2009 LDU Quito
47%
2021 Athletico Paranaense
39%
No matching quizzes found
Score Distribution
Percent of People with Each Score
Percentile by Number Answered
Your Score History
You have not taken this quiz